Largest Cities in Hauts-de-France - Statistics

General Stats
  • This quiz has been taken 138 times
  • The average score is 7 of 10
Answer Stats
Population City % Correct
234,475 Lille
99%
72,509 Calais
89%
86,279 Dunkirk
86%
134,706 Amiens
85%
98,828 Roubaix
81%
98,656 Tourcoing
68%
43,229 Valenciennes
52%
61,957 Villeneuve d'Ascq
42%
57,071 Beauvais
40%
53,570 Saint-Quentin
34%
No matching quizzes found
Score Distribution
Percent of People with Each Score
Percentile by Number Answered
Your Score History
You have not taken this quiz